Filosofía del arte

Shranjeno v:
Bibliografske podrobnosti
Glavni avtor: Taine, Hipólito Adolfo (Author)
Format: Knjiga
Jezik:španščina
Izdano: Valencia F. Sempere y Cia 1900
Teme:
Oznake: Označite
Brez oznak, prvi označite!

MARC

LEADER 00000nam a2200000 a 4500
001 UCP2959
003 CL-VaPUC
008 990604e19000000SP |||||||||||||||||spa|d
082 0 4 |a 701  |b TAI  |2 21 
100 0 |a Taine, Hipólito Adolfo  |e author  |9 429996 
245 1 0 |a Filosofía del arte 
300 |a v 
942 |c BK 
945 |d 19990604 00:00:00  |a lriquelm 
260 |a Valencia  |b F. Sempere y Cia  |c 1900 
650 0 |a Artes  |9 268202 
650 0 |a Estética   |9 264950 
650 0 |a Filosofía   |9 223554 
650 0 |a Crítica de arte  |9 334590 
650 0 |a Bellas artes  |9 334299 
583 |a last modification  |c 19990604 00:00:00  |k Rodrigo Vera 
999 |c 281415  |d 281413 
952 |0 0  |1 0  |4 0  |6 701_000000000000000_TAI_1900  |7 0  |8 X  |9 322148  |a BIBHIS  |b BIBHIS  |d 2019-11-20  |h v.1  |i 1361333  |o 701 TAI 1900  |p 1361333  |r 2024-01-30  |w 2019-11-20  |y BK_X  |k HIS